UM Logo

Uses of literature/ (Record no. 2508)

MARC details
000 -LEADER
fixed length control field 00517nam a22001697a 4500
008 - FIXED-LENGTH DATA ELEMENTS--GENERAL INFORMATION
fixed length control field 160516b xxu||||| |||| 00| 0 eng d
020 ## - INTERNATIONAL STANDARD BOOK NUMBER
International Standard Book Number 978-1-4051-4724-8 (pbk: alk. paper)
082 ## - DEWEY DECIMAL CLASSIFICATION NUMBER
Edition number 2008
Classification number DC 801
Item number F34i
100 ## - MAIN ENTRY--PERSONAL NAME
9 (RLIN) 8290
Personal name Felski, Rita
Dates associated with a name 1956-
245 ## - TITLE STATEMENT
Title Uses of literature/
Statement of responsibility, etc. Rita Felski.
260 ## - PUBLICATION, DISTRIBUTION, ETC. (IMPRINT)
Place of publication, distribution, etc. USA:
Name of publisher, distributor, etc. Blackwell Publishing,
Date of publication, distribution, etc. c2008.
300 ## - PHYSICAL DESCRIPTION
Extent vi, 154 pages;
Dimensions 23 cm.
500 ## - GENERAL NOTE
General note Includes index.
650 #0 - SUBJECT ADDED ENTRY--TOPICAL TERM
9 (RLIN) 8292
Topical term or geographic name as entry element Literature
Form subdivision Philosophy
650 #0 - SUBJECT ADDED ENTRY--TOPICAL TERM
9 (RLIN) 8293
Topical term or geographic name as entry element Books and reading
942 ## - ADDED ENTRY ELEMENTS (KOHA)
Source of classification or shelving scheme Dewey Decimal Classification
Koha item type Circulation
Holdings
Withdrawn status Lost status Source of classification or shelving scheme Damaged status Not for loan Home library Current library Date acquired Source of acquisition Total Checkouts Full call number Barcode Date last seen Date last checked out Price effective from Koha item type
    Dewey Decimal Classification     UM Digos College - LIC UM Digos College - LIC 09/18/2009 Purchased 1 DC 801 F34i 2008 20455 05/15/2025 07/25/2017 05/16/2016 Circulation